Secteur économique mondialisé ou exception culturelle ? (notice n° 1603538)

détails MARC
000 -LEADER
fixed length control field 01639cam a2200169 4500500
005 - DATE AND TIME OF LATEST TRANSACTION
control field 20251228092701.0
041 ## - LANGUAGE CODE
Language code of text/sound track or separate title fre
042 ## - AUTHENTICATION CODE
Authentication code dc
100 10 - MAIN ENTRY--PERSONAL NAME
Personal name Marin, Séverine Antigone
Relator term author
245 00 - TITLE STATEMENT
Title Secteur économique mondialisé ou exception culturelle ?
260 ## - PUBLICATION, DISTRIBUTION, ETC.
Date of publication, distribution, etc. 2005.<br/>
500 ## - GENERAL NOTE
General note 87
520 ## - SUMMARY, ETC.
Summary, etc. Secteur économique mondialisé ou exception culturelle ? À la fin du XIXe siècle, deux thèmes sont développés dans les milieux agricoles allemands : le protectionnisme et la défense de la petite propriété, qui semblent prouver l’inadaptation de l’agriculture au nouveau contexte – mondialisé – de l’économie. L’étude de ces thèmes montre cependant qu’ils ne sont pas le produit d’un quelconque archaïsme de l’agriculture, mais bien plutôt le fruit d’une stratégie économique de modernisation et d’adaptation à ces conditions nouvelles.
520 ## - SUMMARY, ETC.
Summary, etc. Secteur économique mondialisé ou exception culturelle ? At the end of the XIXth century, protectionism and the survival of smallholders were the main concerns of German agriculture. This can be seen as proof of the failure of this sector to adapt to the burgeoning context of economic globalization. This study aims to show however that the choices that were then made were not the result of agricultural archaism, but rather of an economic strategy of modernisation and a willingness to adapt to these new conditions.
786 0# - DATA SOURCE ENTRY
Note Relations internationales | 124 | 4 | 2005-12-01 | p. 3-16 | 0335-2013
856 41 - ELECTRONIC LOCATION AND ACCESS
Uniform Resource Identifier <a href="https://shs.cairn.info/revue-relations-internationales-2005-4-page-3?lang=fr&redirect-ssocas=7080">https://shs.cairn.info/revue-relations-internationales-2005-4-page-3?lang=fr&redirect-ssocas=7080</a>

Pas d'exemplaire disponible.

PLUDOC

PLUDOC est la plateforme unique et centralisée de gestion des bibliothèques physiques et numériques de Guinée administré par le CEDUST. Elle est la plus grande base de données de ressources documentaires pour les Étudiants, Enseignants chercheurs et Chercheurs de Guinée.

Adresse

627 919 101/664 919 101

25 boulevard du commerce
Kaloum, Conakry, Guinée

Réseaux sociaux

Powered by Netsen Group @ 2025